| 000 | 00562nam a2200193Ia 4500 | ||
|---|---|---|---|
| 003 | GCL | ||
| 008 | 140319s9999 xx 000 0 ara d | ||
| 040 |
_aGCL / _cGCL |
||
| 082 | 0 | 4 |
_a251.1 _bع ت |
| 100 | 1 | _aحسين احمد امين | |
| 245 | 1 | 0 |
_aنحو تطوير التشريع الاسلامى / _cحسين احمد امين |
| 700 | 1 | _aعبدالله احمد النديم | |
| 300 | _a247 ص | ||
| 490 | _a | ||
| 650 | 0 | 4 | _aحقوق الانسان |
| 650 | 0 | 4 | _aالفقه الاسلامى، اصول |
| 650 | 0 | 4 | _aالقران |
| 942 |
_2ddc _cBK |
||
| 999 |
_c44468 _d44468 |
||